000 00837cam a2200277Ka 4500
999 _c2920
_d2920
001 575256
003 OSt
005 20181019130847.0
008 990824s1999 wau 000 0 eng d
020 _a1577700090
035 _a(OCoLC)ocm42217288
035 _a(OCoLC)ocm42217288
040 _aUOK
_cUOK
049 _aPTSS
082 _a234.7
_bK37T
090 _aBT785
_b.K46 1999
092 _a234.7 KENYON 1996
100 1 _aKenyon, Essek William,
_d1867-1948.
245 1 0 _aTwo kinds of righteousness :
_bthe most important message ever offered to the church /
_cby E. W. Kenyon.
250 _a[17th ed. (printing)]
260 _aLynnwood, Wash. :
_bKenyon's Gospel Pub. Society,
_cc1999.
300 _a79 p. ;
_c21 cm.
650 0 _aAssurance (Theology).
650 0 _aJustification (Christian theology).
942 _2ddc
_cBK